00543nam a2200145Ia 4500008004100000100001900041245010800060245001900168260005900187650001800246650001500264856002600279999001900305952007300324170221s9999 xx 000 0 und d aKati Förster aDo Emotions Pay Off? Effects of Media Brand Emotions on Cognitive Relief, Identification and Prestige  cKati Förster bOnline Journal of Communication and Media Technologies xCommunication xMedia Arts uhttp://www.ojcmt.net/ c312860d312860 001040aCLbCLd2017-02-21l0r2017-02-21 00:00:00w2017-02-21yFOJ